00614nam a2200193Ii 450000100060000000300090000600800410001502000320005604000330008804100080012108200160012910000280014524500790017326400750025230000120032733600260033933700280036533800270039317298CO-ViMGA241108s9999||||xx |||||||||||||| ||und|| a848489097X (Iberoamericana) aCO-ViMGAbspaerdacCO-ViMGA0 aspa04a928.86 A49s1 aCarolina Alzate Cadavid10aSoledad Acosta de Samper :bescritura, género y nación en el siglo XIX 1aMadrid, España : Iberoamericana ; Frankfurt am Main : Vervuert, 2005 avolumen atextbtxt2rdacontent aunmediatedbn2rdamedia avolumebnc2rdacarrier